000 00928nam a2200277Ia 4500
003 CO-BoRNBP
005 20250605104045.0
007 ta
008 180109s9999 xx 000 0 und d
020 _a9783625006282
040 _aCO-BoRNBP
_bspa
_erda
_cCO-BoRNBP
041 _aspa
082 0 _aR 796.334092 N67m
100 1 _aNordmann, Michael,
_959741
245 1 0 _aLos 1000 mejores futbolistas de todos los tiempos /
_cMichael Nordmann, Jens Dreisbach ; traducción de Vicenc Prat Baqué.
250 _a1a. edición
264 1 _aColonia :
_bNGV;2013
300 _a336 páginas :
_bfotografías en color ;
_c30 cm
336 _atexto
_btxt
_2rdacontent
337 _asin mediación
_bn
_2rdamedia
338 _avolumen
_bnc
_2rdacarrier
650 0 4 _aFutbol - Historia
_2LEMB
_917932
650 0 0 _aFutbolistas
_2LEMB
_959742
700 1 _aDreisbach, Jens, autor \ Prat Baqué, Vicenc, traductor
_959743
942 _2ddc
_cBK
999 _c57178
_d57178